00777nam a2200229 a 450000100060000000300080000600500170001400800410003103500190007204000320009104100080012308200280013110000220015924501280018126000580030930000320036750000190039950400270041865000310044565000220047670000490049842352BD-RjUL20211209053529.0160612s1961 enka b 001 0 eng  a(BD-RjUL)42470 aDLCcDLCdDLCdBD-RjULbeng aeng00a324.24405223bTAF 19611 aTarr, Francis De 14aThe French Radical Party :bfrom Herriot to Mendès-France /cFrancis De Tarr, With a foreword by Pierre Mendès-France. aLondon :aNew York ;bOxford University Press,c1961. axi, 264 p. :bill ;c23 cm. aIncludes Index aIncludes bibliography. aPolitical partieszFrance. aPolitical parties a Mendès-France, Pierre With a foreword by